Jing shen de tian yuan : Dong fang zhi zi fang tan lu. Yi shu jia juan /
Saved in:
| Other Authors: | , |
|---|---|
| Format: | Book |
| Language: | Chinese |
| Published: |
Beijing :
Huaxia chu ban she,
2000.
|
| Edition: | Beijing di 1 ban. |
| Subjects: | |
| Tags: |
Add Tag
No Tags, Be the first to tag this record!
|
| LEADER | 01300cam a2200349 a 4500 | ||
|---|---|---|---|
| 001 | 008518754-2 | ||
| 005 | 20024617114446.0 | ||
| 008 | 001126s2000 cc c 000 0dchi d | ||
| 020 | |a 7508020049 | ||
| 035 | 0 | |a ocm45422584 | |
| 040 | |a HkUST |c HkUST |d MH-HY | ||
| 050 | 0 | 0 | |a N7345 |b .J57 2000 |
| 245 | 0 | 0 | |6 880-01 |a Jing shen de tian yuan : |b Dong fang zhi zi fang tan lu. |p Yi shu jia juan / |c zhu bian Shi Jian, Zhang Guangtu. |
| 246 | 3 | 0 | |6 880-02 |a Dong fang zhi zi fang tan lu. |p Yi shu jia juan |
| 246 | 1 | 4 | |a Oriental horizon |
| 250 | |6 880-03 |a Beijing di 1 ban. | ||
| 260 | |6 880-04 |a Beijing : |b Huaxia chu ban she, |c 2000. | ||
| 300 | |a 8, 2, 366 p. : |b ports. ; |c 21 cm. | ||
| 650 | 0 | |a Artists |z China |v Interviews. | |
| 650 | 0 | |a Interviews |z China. | |
| 700 | 1 | |6 880-05 |a Shi, Jian. | |
| 700 | 1 | |6 880-06 |a Zhang, Guangtu. | |
| 730 | 0 | |6 880-07 |a Dong fang zhi zi (Television program) | |
| 880 | 0 | 0 | |6 245-01 |a 精神的田园 : |b 东方之子访谈录. |p 艺朮家卷 / |c 主编时间, 张光途. |
| 880 | 3 | 0 | |6 246-02 |a 东方之子访谈录. |p 艺朮家卷 |
| 880 | |6 250-03 |a 北京第1版. | ||
| 880 | |6 260-04 |a 北京 : |b 华夏出版社, |c 2000. | ||
| 880 | 1 | |6 700-05 |a 时间. | |
| 880 | 1 | |6 700-06 |a 张光途. | |
| 880 | 0 | |6 730-07 |a 东方之子 (Television program) | |
| 988 | |a 20021211 | ||
| 906 | |0 OCLC | ||


